书目信息 |
| 题名: |
电路与设备测试检修技术及仪器
|
|
| 作者: | 朱锡仁 编著 | |
| 分册: | ||
| 出版信息: | 北京 清华大学出版社 1997.07 |
|
| 页数: | 486页 | |
| 开本: | 16开 | |
| 丛书名: | ||
| 单 册: | ||
| 中图分类: | TN707 | |
| 科图分类: | ||
| 主题词: | 电子电路 | |
| 电子资源: | ||
| ISBN: | 7-302-02531-2 | |
| 000 | 00591nam0 2200193 45 | |
| 001 | 0006250910 | |
| 005 | 20000625091921.2 | |
| 010 | @a7-302-02531-2@d36.00元 | |
| 100 | @a20000625d1997 km y0chiy0120 ea | |
| 101 | 0 | @achi |
| 105 | @a z 000yy | |
| 200 | 1 | @a电路与设备测试检修技术及仪器@ADian Lu Yu She Bei Ce Shi Jian Xiu Ji Shu Ji Yi Qi@f朱锡仁等编著@FZhu Xi Ren Deng Bian Zhu |
| 210 | @a北京@c清华大学出版社@d1997.07 | |
| 215 | @a486页@d16开 | |
| 606 | 0 | @a电子电路 |
| 690 | @aTN707@v3 | |
| 701 | 0 | @a朱锡仁@4编著 |
| 801 | @aCN@bPftUser@c20000625 | |
| 905 | @b59766-770@dTN707@eZH720@f5 | |
| 电路与设备测试检修技术及仪器/朱锡仁等编著.-北京:清华大学出版社,1997.07 |
| 486页;16开 |
| ISBN 7-302-02531-2:36.00元 |
| ● |
| 相关链接 |
|
|
|
正题名:电路与设备测试检修技术及仪器
索取号:TN707/ZH720
 
预约/预借
| 序号 | 登录号 | 条形码 | 馆藏地/架位号 | 状态 | 备注 |
| 1 | 59766 | 200597666 | 自科二线404/404自科库 18排3列2层/ [索取号:TN707/ZH720] | 在馆 | |
| 2 | 59767 | 200597675 | 自科库301/ [索取号:TN707/ZH720] | 在馆 | |
| 3 | 59768 | 200597684 | 自科二线404/404自科库 18排3列2层/ [索取号:TN707/ZH720] | 在馆 | |
| 4 | 59769 | 200597693 | 自科二线404/404自科库 24排3列1层/ [索取号:TN707/ZH720] | 在馆 | |
| 5 | 59770 | 200597700 | 自科库301/301自科库 29排4列4层/ [索取号:TN707/ZH720] | 在馆 |